000 01418nam0a2200337 4500
001 RU\NLR\bibl\1386417
005 20250615195134.0
010 _a978-5-373-02410-5
_93000
021 _aRU
_b2009-33621
_92026
035 _a(nilc)RSL-KNO-004321716
035 _a(NLR Aleph) 001378480
090 _a1086789
_c1086789
100 _a20090416d2009 |||y0rusy50 ca
101 0 _arus
102 _aRU
105 _aa |||||||||
200 1 _aВиталий Давыдов: Любите хоккей! Играйте в хоккей!
_f[Виталий Давыдов]
210 _aМосква
_cОЛМА Медиа Групп
_d2009
215 _a149, [1] с.
_cил., портр., цв. ил., портр.
_d26
300 _aЗагл. обл.: Любите хоккей! Играйте в хоккей!
512 1 _6z55790
_aЛюбите хоккей! Играйте в хоккей!
600 1 _aДавыдов
_bВ. С.
_f1939
_gВиталий Семенович
_92560724
_3RU\NLR\auth\661514786
686 1 _aЧ515.795.3(2)7-8Давыдов
700 1 _aДавыдов
_bВ. С.
_f1939-
_gВиталий Семенович
_4070
790 1 _6z55512
_aДавыдов
_bВ. С.
_f1939-
_gВиталий Семенович
_4070
801 0 _aRU
_bРКП
_c20090416
_grcr
801 1 _aRU
_bРГБ
_c20090416
801 2 _aRU
_bNLR
_c20090624
_grcr
942 _cBOOK
980 _aNB